|
|
|
|
| LEADER |
00000cam a2200000 7i4500 |
| 001 |
0000129056 |
| 005 |
20181128.0 |
| 008 |
181128t20162016my a j 6 000 cn |
| 020 |
|
|
|a 9789674136512
|
| 040 |
|
|
|a PERPUSTAM
|b eng
|c PERPUSTAM
|e rda
|
| 090 |
0 |
0 |
|a JC 745.1
|b LAF
|
| 245 |
0 |
0 |
|a La fu luo la she tuan le fan tian .
|n 5 .
|p Yu jin xiang pai dui
|
| 264 |
|
1 |
|a Johor Bahru, Johor :
|b Penerbitan Pelangi Sdn. Bhd.
|c 2016
|
| 264 |
|
4 |
|c ©2016
|
| 300 |
|
|
|a 147 pages :
|b colour illustrations ;
|c 21 cm.
|
| 336 |
|
|
|a text, rdacontent
|
| 337 |
|
|
|a unmediated
|2 rdamedia
|
| 338 |
|
|
|a volume
|2 rdacarrier
|
| 490 |
1 |
|
|a Wo de di yi ben ke xue man hua shu
|
| 650 |
1 |
0 |
|a Comic books, strips
|
| 650 |
2 |
0 |
|a Comic books and children
|
| 650 |
2 |
0 |
|a Tulips
|v Comic books, strips, etc.
|
| 999 |
|
|
|a 0000529477
|b Buku
|c Koleksi Pinjaman Kanak-Kanak
|e Perbadanan Perpustakaan Awam Melaka
|
| 999 |
|
|
|a 0000529478
|b Buku
|c Koleksi Pinjaman Kanak-Kanak
|e Perpustakaan Cawangan Jasin
|
| 999 |
|
|
|a 0000529479
|b Buku
|c Koleksi Pinjaman Kanak-Kanak
|e Perpustakaan Cawangan Masjid Tanah
|
| 999 |
|
|
|a 0000529480
|b Buku
|c Koleksi Pinjaman Kanak-Kanak
|e Perpustakaan Cawangan Merlimau
|
| 999 |
|
|
|a 0000529481
|b Buku
|c Koleksi Pinjaman Kanak-Kanak
|e Perbadanan Perpustakaan Awam Melaka
|
| 999 |
|
|
|a 0000529482
|b Buku
|c Koleksi Pinjaman Kanak-Kanak
|e Perbadanan Perpustakaan Awam Melaka
|
| 999 |
|
|
|a 0000529483
|b Buku
|c Koleksi Pinjaman Kanak-Kanak
|e PK Aeon Jaya Jusco
|
| 999 |
|
|
|a 0000529484
|b Buku
|c Koleksi Pinjaman Kanak-Kanak
|e Perbadanan Perpustakaan Awam Melaka
|
| 999 |
|
|
|a 0000529485
|b Buku
|c Koleksi Pinjaman Kanak-Kanak
|e Perbadanan Perpustakaan Awam Melaka
|
| 999 |
|
|
|a 0000529486
|b Buku
|c Koleksi Pinjaman Kanak-Kanak
|e Perpustakaan Komuniti UTC Melaka
|